00437nam a2200169Ia 4500003000400000008004100004040001600045082001300061100002300074245005600097700001800153260004200171300000800213650000900221650002600230650001100256GCL140319s9999 xx 000 0 eng d aGCL / cGCL04a745bC A1 aCUMMING, ELIZABETH10aTHE ARTS AND CRAFTS MOVEMENT / cCUMMING, ELIZABETH1 aKAPLAN, WENDY a[S.N] : bTHAMES AND HUDSON ، c1993 a21604aARTS04aHISTORY AND CRITICISM04aCRAFTS